|
|
|
|
| LEADER |
01961nam a22003377a 4500 |
| 001 |
32987 |
| 003 |
BD-DhAAL |
| 005 |
20250625163811.0 |
| 008 |
180415t2017 bg a |000 0dben d |
| 020 |
|
|
|a 9789849106920
|
| 040 |
|
|
|a BD-DhAAL
|d BD-DhAAL
|
| 041 |
0 |
|
|a ben
|
| 041 |
0 |
|
|a eng
|
| 082 |
0 |
4 |
|a 954.9205092
|2 22
|
| 100 |
|
|
|a মুজিবুর রহমান,
|c শেখ
|d ১৯২০-১৯৭৫.
|9 25529
|
| 245 |
1 |
0 |
|a বঙ্গবন্ধুর ৭ই মার্চের ভাষণ :
|n রাজনীতির মহাকাব্য /
|c তথ্য ও যোগাযোগ প্রযুক্তি বিভাগ.
|
| 246 |
|
|
|a 7th March speech of Bangabandhu :
|b epic of politics
|
| 260 |
|
|
|a ঢাকা :
|b তথ্য ও যোগাযোগ প্রযুক্তি বিভাগ ,
|c ২০১৭.
|
| 300 |
|
|
|a ২২২ পৃষ্ঠা :
|b চিত্র ;
|c ২২ সে.মি.
|
| 541 |
|
|
|a Development Book Agency
|e 32987, 33076
|
| 600 |
0 |
0 |
|a Mujibur Rahman,
|c Sheikh,
|d 1920-1975
|x Political and social views
|9 22514
|
| 651 |
|
0 |
|a Bangladesh
|x Politics and government.
|9 22515
|
| 700 |
|
|
|a পলক, জুনাইদ আহমেদ.
|9 25609
|
| 700 |
|
|
|a সিকদার, শ্যাম সুন্দর.
|9 25610
|
| 700 |
|
|
|a সরকার, অজিত কুমার.
|9 25611
|
| 710 |
|
|
|a তথ্য ও যোগাযোগ প্রযুক্তি বিভাগ.
|9 25612
|
| 852 |
|
|
|a Ayesha Abed Library
|c Bangabandhu Corner
|
| 942 |
|
|
|2 ddc
|c BK
|
| 999 |
|
|
|c 39248
|d 39248
|
| 952 |
|
|
|0 0
|1 0
|2 ddc
|4 0
|6 954_920509200000000_MUJ
|7 0
|9 63150
|a BRACUL
|b BRACUL
|c BNC
|d 2018-04-11
|e Development Book Agency
|g 425.00
|l 1
|o 954.9205092 MUJ
|p 3010032987
|r 2020-03-08
|s 2020-03-03
|t 1
|v 500.00
|w 2018-04-11
|y BK
|
| 952 |
|
|
|0 0
|1 0
|2 ddc
|4 0
|6 954_920509200000000_MUJ
|7 0
|9 63299
|a BRACUL
|b BRACUL
|c BNC
|d 2018-04-11
|e Development Book Agency
|g 425.00
|l 0
|o 954.9205092 MUJ
|p 3010033076
|r 2018-05-14
|t 2
|v 500.00
|w 2018-04-11
|y BK
|